Catálogo de la Exposición de libros e impresos referentes a nuestra Cruzada y organizada con motivo del Quinto Aniversario del Glorioso Alzamiento Nacional
Descripción Física:
p. 435 a 446 ; 21 cm
MARC
| LEADER | 00000nam a2200000Ia 4500 | ||
|---|---|---|---|
| 001 | 10988 | ||
| 008 | 160829s1942 xx 000 0 cat d | ||
| 080 | |a FU-12-50 | ||
| 245 | |a Catálogo de la Exposición de libros e impresos referentes a nuestra Cruzada y organizada con motivo del Quinto Aniversario del Glorioso Alzamiento Nacional | ||
| 260 | |a Barcelona : |b (Imp. Casa Caritat), |c 1942 | ||
| 300 | |a p. 435 a 446 ; |c 21 cm | ||
| 590 | |a Separata de: Anuari de 1941 de la Biblioteca Central | ||
| 650 | |a Espanya |x Història |x 1936/1939, Guerra Civil |x Bibliografia |x Exposicions |9 39681 | ||
| 856 | 4 | |u https://media.diba.cat/diba/fitxers/arxiu/fulletons/bib_10988_baixa.pdf |y Accés lliure | |
| 856 | 4 | |u https://media.diba.cat/diba/fitxers/arxiu/fulletons/bib_10988_baixa.pdf |y Accés lliure | |
| 901 | |a Arxiu | ||
| 942 | |n 1 |2 udc | ||
| 952 | |0 0 |1 0 |4 0 |6 FU1250 |7 1 |9 49158 |a Arxiu |b Arxiu |d 2016-12-01 |l 0 |o FU-12-50 |p 10988 |r 2016-12-01 00:00:00 |w 2016-12-01 |y ARXIU | ||
| 999 | |c 52997 |d 52997 | ||
| 900 | |a bib_10988_baixa.pdf | ||